00570 2200229 4500001002100000005001500021035002000036007000300056008004100059020002000100082001300120084001900133100001900152245002300171250000600194260003600200300002900236650001200265650001200277856002900289990002200318INLIS00000000000728420250305074046 a0010-0325000009ta250305 0 ind  a978-623-7868316 a398.2095 a398.2095 RAH a1 aRAHMAN, Rian F1 aAku Sayang Tanaman a- aJakarta :bLingkar Media,c2000 a24p. :bilus ;c19 cme- 4aTematik 4aTanaman aPerpustakaan BPSIP JATIM a97/2025/BSIPJATIM